000 00371 a2200169 4500
001 191105
020 _a978-85-66653-09-0
040 _cMagnum
100 _aBoschi, Ronaldo
240 1 0 _aO elefantinho valente
_lpor
245 1 0 _aO elefantinho valente
300 _a56
362 0 _a2013
440 1 _aBaobá
697 _aLITERATURA INFANTO-JUVENIL
942 _cBK
999 _c191105
_d191105